000 00349nam a2200145Ia 4500
008 150201s2004 xx 000 0 und d
082 _a617.69
_bD2004M
100 _aMCDONALD
245 _aDENTISTRY FOR THE CHILD AND ADOLESCENT
250 _a5TH
260 _bMOSBY
_aDELHI
_c2004
300 _a1-768
650 _aPEDODONTICS
942 _2ddc
_cBK
_01
999 _c3075
_d3075